000 01557nam0a2200325 i 4500
001 RU\NLR\BIBL_A\011220439
005 20240921185409.0
010 _a9785990786639
_9200
021 _aRU
_b2016-68475
_94408
035 _a(NILC)RuMoRGB-008611764
035 _a(NLR Aleph) 011220439
090 _a12021653
_c12021653
100 _a20160928d2016 u y0rusy50 ca
101 0 _arus
102 _aRU
105 _ay|||j||||||y|
200 1 _aЗащита прав потребителей
_eучебное пособие
_fМ. А. Зинковский, С. В. Тычинин
_gФедеральное гос. авт. образовательное учреждение высш. образования "Белгородский гос. нац. исследовательский ун-т", Юридический ин-т, Каф. гражданского права и процесса
210 _aБелгород
_cЭпицентр
_d2016
215 _a98 с.
_d21
320 _aБиблиогр.: с. 93-98
606 1 _aПотребители
_jУчебные издания для высших учебных заведений
_xЗащита прав
_yРоссийская Федерация
_91719795
_3RU\NLR\AUTH\661064567
675 _a347.1
686 1 _aХ623.210.6я73
700 1 _aЗинковский
_bМ. А.
_gМаксим Александрович
701 1 _aТычинин
_gСергей Владимирович
801 0 _aRU
_bРГБ
_c20160907
_gRCR
942 _cBOOK
980 _aNBR